Rectificación de la mente (Record no. 19771)

MARC details
000 -LEADER
campo de control de longitud fija 00894nam a2200217 i 4500
001 - NÚMERO DE CONTROL
campo de control 19771
003 - IDENTIFICADOR DE NÚMERO DE CONTROL
campo de control ES-MaACL
005 - FECHA Y HORA DE LA ÚLTIMA TRANSACCIÓN
campo de control 20250920063030.0
007 - CAMPO FIJO DE DESCRIPCIÓN FÍSICA--INFORMACIÓN GENERAL
campo de control de longitud fija t|
008 - DATOS DE LONGITUD FIJA--INFORMACIÓN GENERAL
campo de control de longitud fija 021011s1915 sp ||||1| spa d
100 1# - ENTRADA PRINCIPAL--NOMBRE DE PERSONA
Nombre de persona Abū al-Ṣalt al-Dānī, Umayyaẗ ibn ʻAbd al-ʻAzīz,
Fechas asociadas al nombre ca. 1068-ca. 1134
9 (RLIN) 226701
245 10 - MENCIÓN DEL TÍTULO
Título Rectificación de la mente
Resto del título : tratado de lógica /
Mención de responsabilidad, etc. por Abusalt de Denia ; texto árabe, traducción y estudio previo por C. Angel González Palencia.
260 ## - PUBLICACIÓN, DISTRIBUCIÓN, ETC.
Lugar de publicación, distribución, etc. Madrid :
Nombre del editor, distribuidor, etc. Junta de Ampliación de Estudios e Investigaciones Científicas :
-- Centro de Estudios Históricos,
Fecha de publicación, distribución, etc. 1915 (
Fabricante Imp. Ibérica)
300 ## - DESCRIPCIÓN FÍSICA
Extensión 137, 53 p. ;
Dimensiones 23 cm.
546 ## - NOTA DE IDIOMA
Nota de lengua/lenguaje Texto en español y árabe.
650 #4 - PUNTO DE ACCESO ADICIONAL DE MATERIA--TÉRMINO DE MATERIA
Término de materia o nombre geográfico como elemento de entrada Lógica.
9 (RLIN) 14693
700 1# - ENTRADA AGREGADA--NOMBRE PERSONAL
Nombre de persona González Palencia, Ángel,
Fechas asociadas al nombre 1889-1949
9 (RLIN) 58854
852 ## - LOCALIZACIÓN
Ubicación ES-MaACL
Número de control de estantería B-5070
852 ## - LOCALIZACIÓN
Ubicación ES-MaACL
Número de control de estantería F-9461
Holdings
Estatus retirado Estado de pérdida Estado de daño No para préstamo Biblioteca de origen Biblioteca actual Ubicación en estantería Fecha de adquisición Fuente de adquisición Total de préstamos Signatura topográfica completa Código de barras Visto por última vez Precio de reemplazo Tipo de ítem Koha
        Biblioteca del Ateneo de Madrid Biblioteca del Ateneo de Madrid Sala Pecera Planta 2 17/01/2008     F-9461 1020247 23/02/2023 23/02/2023 Libro impreso
        Biblioteca del Ateneo de Madrid Biblioteca del Ateneo de Madrid Sala Pardo Bazán 17/01/2008     B-5070 1020246 23/02/2023 23/02/2023 Libro impreso